| 000 | 00375nam a2200133Ia 4500 | ||
|---|---|---|---|
| 008 | 191111s9999 xx 000 0 und d | ||
| 020 | _a9781138101364 | ||
| 100 | _aKobre, Kenneth. | ||
| 245 |
_cKenneth Kobre.-- _aPhoto journalism : _bthe professionals' approach / |
||
| 250 | _a7th ed | ||
| 260 |
_aUSA : _bRoutledge _c2017 |
||
| 300 | _avii, 564 | ||
| 650 | _aPhotojournalism | ||
| 999 |
_c362648 _d362648 |
||